00860nam a2200217 4500001000700000003000900007005001700016008004100033080001600074100003400090240002100124245019300145250002300338260004800361300002700409500002800436504005800464546002800522651005000550852004200600174565ES-MaACL20250709063229.0100506s1824 sp p |||| | spa d a27(460.182)1 aFlórez, Enrique,d1702-177310aEspaña sagrada10aEspaña sagrada. nTomo XXVII, pLas igleisas colegiales, monasterios, y santos de la Diócesi de Burgos b: conventos, parroquias y hospitales de la ciudad / csu autor Henrique Florez. aEdición segunda. aMadrid : bpor D. José del Collado, 1824. a[8], 472 p. ; c20 cm. aApéndices, 408-469 p. aÍndice alfabético de las cosas notables del tomo. aApéndices en latín. 4aBurgos (Provincia)-xHistoria eclesiástica.4 aES-MaACLjR-1617-69 x C-16767-818